| 000 | 00644nam a2200181 a 4500 | ||
|---|---|---|---|
| 001 | 000039341 | ||
| 005 | 20201002031614.0 | ||
| 008 | 130621s1983 sp 000 0 spa d | ||
| 020 | _a8400054954(v.1) | ||
| 100 | 1 |
_aSimón Díaz, José _961804 |
|
| 245 | 1 | 0 |
_aBibliografía de la literatura hispánica / _cJosé Simón Díaz. |
| 250 | _a3a. ed. corr. y aumentada | ||
| 260 |
_aMadrid : _bConsejo Superior de Investigaciones Científicas : _bInstituto de Filosofía "Luis Vives,", _c1983. |
||
| 300 |
_av. ; _c26 cm. |
||
| 500 | _aLa biblioteca posee el v. 1 | ||
| 710 | 2 |
_aBibliografía de la literatura hispánica _965524 |
|
| 999 |
_c38831 _d38831 |
||
| 040 | _aDO-SdBNP | ||